[Event "Carnaval"]
[Site "Quebec CAN"]
[Date "2012.02.26"]
[Round "5"]
[White "Masse, Hugues"]
[Black "Larochelle, Martial"]
[Result "1/2-1/2"]
[WhiteElo "2270"]
[BlackElo "2194"]
[PlyCount "108"]
[GameId "2160767909576200"]
[EventDate "2012.02.24"]
[EventType "swiss"]
[EventRounds "5"]
[EventCountry "CAN"]
[SourceTitle "EXT 2022"]
[Source "ChessBase"]
[SourceDate "2021.10.06"]
[SourceVersion "1"]
[SourceVersionDate "2021.10.06"]
[SourceQuality "1"]

1. d4 Nf6 2. c4 e6 3. Nc3 Bb4 4. e3 O-O 5. Nge2 d5 6. a3 Bd6 7. c5 Be7 8. b4 c6 9. Nf4 b6 10. Nd3 a5 11. Bb2 Ba6 12. Be2 Nbd7 13. f4 Ne4 14. O-O Bxd3 15. Qxd3 f5 16. Nxe4 fxe4 17. Qc2 b5 18. a4 axb4 19. axb5 cxb5 20. Qb3 Qc7 21. Rxa8 Rxa8 22. f5 Qc6 23. fxe6 Qxe6 24. Bxb5 Bg5 25. Bc1 Rb8 26. Be2 Bd8 27. Bd2 Bc7 28. Be1 Nf6 29. Bh4 h6 30. Ra1 Rf8 31. Bxf6 Rxf6 32. Ra6 Qf5 33. Rxf6 gxf6 34. Qxb4 Qg5 35. Qd2 f5 36. g3 h5 37. Kh1 h4 38. gxh4 Qxh4 39. Bf1 Kf7 40. Qg2 Qe1 41. Qe2 Qh4 42. Qg2 Qe1 43. Qh3 Qf2 44. Qh5+ Kf6 45. Qe2 Qh4 46. Qa6+ Kg5 47. Qe2 Kf6 48. Kg1 f4 49. exf4 Bxf4 50. Kh1 Ke7 51. Qg2 Kf6 52. Qe2 Ke7 53. Qg2 Kf6 54. Qe2 Ke7 1/2-1/2

[Event "Carnaval U1500"]
[Site "Quebec CAN"]
[Date "2012.02.24"]
[Round "1"]
[White "Pelletier, Sophie"]
[Black "Savaria, Georges-Patrick"]
[Result "0-1"]
[WhiteElo "1163"]
[BlackElo "1416"]
[PlyCount "91"]
[GameId "2160767909576201"]
[EventDate "2012.02.24"]
[EventType "swiss"]
[EventRounds "5"]
[EventCountry "CAN"]

1. d4 d5 2. Bf4 Nf6 3. e3 e6 4. a3 c5 5. Nf3 Nc6 6. c4 b6 7. Nc3 Be7 8. cxd5 Nxd5 9. Bb5 Bd7 10. Nxd5 exd5 11. O-O a6 12. Ba4 c4 13. Bxc6 Bxc6 14. Ne5 Bd7 15. Qf3 Be6 16. e4 Rc8 17. Rfe1 O-O 18. Re3 f6 19. Ng4 Qd7 20. h3 Rf7 21. Rae1 Re8 22. Qg3 Kh8 23. h4 dxe4 24. Rxe4 Bxg4 25. d5 f5 26. Re5 Ref8 27. Bg5 Bd6 28. Qe3 Bxe5 29. Qxe5 h6 30. Bxh6 Kh7 31. Be3 Re8 32. Qd4 b5 33. Bd2 Rxe1+ 34. Bxe1 Be2 35. Bc3 Bd3 36. Kh2 Qd6+ 37. g3 Rd7 38. h5 Qxd5 39. Qb6 Qd6 40. Qe3 Qe7 41. Qb6 Rd6 42. Qc5 Re6 43. Qd4 Rh6 44. Bb4 Rxh5+ 45. Kg2 Qe4+ 46. Qxe4 0-1

[Event "Carnaval U1500"]
[Site "Quebec CAN"]
[Date "2012.02.24"]
[Round "1"]
[White "Roy, Sylvain"]
[Black "Bourassa, Louis"]
[Result "0-1"]
[WhiteElo "1207"]
[BlackElo "1447"]
[PlyCount "98"]
[GameId "2160767909576202"]
[EventDate "2012.02.24"]
[EventType "swiss"]
[EventRounds "5"]
[EventCountry "CAN"]

1. e4 e5 2. Nf3 Nf6 3. d4 Nc6 4. Nc3 exd4 5. Nxd4 Bb4 6. a3 Bxc3+ 7. bxc3 Nxe4 8. Qe2 Qe7 9. Nb5 Kd8 10. Bf4 d6 11. O-O-O a6 12. Nxc7 Kxc7 13. f3 g5 14. Qxe4 gxf4 15. Qxf4 Ne5 16. Qd4 Re8 17. Bc4 Be6 18. Bb3 Bxb3 19. cxb3 Rad8 20. Rhe1 Qf8 21. Re4 Nc6 22. Qd5 Rxe4 23. fxe4 Qh6+ 24. Rd2 Qe6 25. Qh5 Qxb3 26. Qxh7 Qxc3+ 27. Rc2 Qxa3+ 28. Kd1 Qd3+ 29. Rd2 Qb3+ 30. Ke2 Qc4+ 31. Ke3 Qc5+ 32. Kf4 Qe5+ 33. Ke3 Qg5+ 34. Kd3 Ne5+ 35. Kc2 Qg6 36. Qxg6 fxg6 37. Kb3 Rh8 38. h3 g5 39. Rc2+ Kd7 40. Rc3 g4 41. hxg4 Nxg4 42. Rg3 Nf2 43. Rg7+ Kc6 44. Re7 Rg8 45. Re6 Nd3 46. Kc4 Ne5+ 47. Kd4 Rxg2 48. Rxe5 dxe5+ 49. Kxe5 a5 0-1

[Event "Carnaval U1500"]
[Site "Quebec CAN"]
[Date "2012.02.25"]
[Round "2"]
[White "Bourassa, Louis"]
[Black "Foucreault, Denis"]
[Result "1-0"]
[WhiteElo "1447"]
[BlackElo "1273"]
[PlyCount "75"]
[GameId "2160767909576203"]
[EventDate "2012.02.24"]
[EventType "swiss"]
[EventRounds "5"]
[EventCountry "CAN"]

1. e4 e5 2. Nf3 Nc6 3. d4 exd4 4. Nxd4 Nf6 5. Nxc6 bxc6 6. Bd3 Bc5 7. O-O h6 8. Re1 d6 9. e5 Ng4 10. exd6+ Kf8 11. Rf1 Qh4 12. h3 Nxf2 13. Rxf2 Qxf2+ 14. Kh1 cxd6 15. Nc3 Bf5 16. Ne4 Bxe4 17. Bxe4 Re8 18. Be3 Bxe3 19. Qxd6+ Kg8 20. Bxc6 Re6 21. Qd8+ Kh7 22. Qd3+ g6 23. Rf1 Qd2 24. Qc4 Rg8 25. Rxf7+ Rg7 26. Qxe6 Qc1+ 27. Kh2 Bf4+ 28. g3 Qxc2+ 29. Bg2 Bg5 30. h4 Bd2 31. Rxg7+ Kxg7 32. Be4 Qxb2 33. Qxg6+ Kf8 34. Qd6+ Kg7 35. Qe7+ Kg8 36. Bd5+ Kh8 37. Qf8+ Kh7 38. Be4# 1-0

[Event "Carnaval U1500"]
[Site "Quebec CAN"]
[Date "2012.02.25"]
[Round "2"]
[White "Savaria, Georges-Patrick"]
[Black "De Koulen, Hugo"]
[Result "0-1"]
[WhiteElo "1416"]
[BlackElo "1382"]
[PlyCount "64"]
[GameId "2160767909576204"]
[EventDate "2012.02.24"]
[EventType "swiss"]
[EventRounds "5"]
[EventCountry "CAN"]

1. e4 e6 2. d4 d5 3. exd5 exd5 4. Nf3 Bg4 5. Be2 c5 6. O-O Nc6 7. c3 Qd7 8. Ne5 Nxe5 9. dxe5 h5 10. Bf4 Be7 11. h3 Bxe2 12. Qxe2 g5 13. Bh2 O-O-O 14. Nd2 g4 15. Qd3 Nh6 16. Qg3 h4 17. Qf4 Qe6 18. hxg4 Nxg4 19. Nf3 Rdg8 20. Qa4 Nxh2 21. Kxh2 Rg4 22. Qxa7 Rhg8 23. Rg1 h3 24. g3 Qf5 25. Qa8+ Kc7 26. Qa5+ Kb8 27. Nh4 Qxf2+ 28. Kh1 Bxh4 29. Raf1 Qe3 30. Rxf7 Qe4+ 31. Kh2 Bxg3+ 32. Rxg3 Qxe5 0-1

[Event "Carnaval U1500"]
[Site "Quebec CAN"]
[Date "2012.02.25"]
[Round "3"]
[White "Cliche, Victor"]
[Black "Savaria, Georges-Patrick"]
[Result "0-1"]
[WhiteElo "1230"]
[BlackElo "1416"]
[PlyCount "90"]
[GameId "2160767909576205"]
[EventDate "2012.02.24"]
[EventType "swiss"]
[EventRounds "5"]
[EventCountry "CAN"]

1. c4 e6 2. d4 d5 3. e3 Nf6 4. Nf3 Bb4+ 5. Bd2 Bxd2+ 6. Nbxd2 O-O 7. Bd3 Nc6 8. O-O Re8 9. cxd5 exd5 10. Nb3 Bg4 11. Be2 Qd6 12. Nfd2 Bf5 13. Nc5 Rab8 14. Bd3 Bc8 15. Be2 Bf5 16. Nd3 Re7 17. Nf4 Nxd4 18. Bd3 Bxd3 19. Nxd3 Ne6 20. Qc2 c5 21. b3 b5 22. Rab1 Rc8 23. b4 c4 24. Ne1 Rd8 25. Ndf3 Red7 26. Nd4 Nxd4 27. exd4 Re8 28. Rd1 Qxb4 29. Rb1 Qa5 30. Qc1 a6 31. a3 Qb6 32. Nf3 Rde7 33. Nh4 Re4 34. Nf5 Qe6 35. Ne3 Rxd4 36. Nc2 Re4 37. Nb4 d4 38. f3 Re2 39. Nc2 Qd6 40. Re1 d3 41. Rxe2 Rxe2 42. Qd1 Rxc2 43. Rc1 Rxc1 44. Qxc1 d2 45. Qd1 c3 0-1

[Event "Carnaval U1500"]
[Site "Quebec CAN"]
[Date "2012.02.25"]
[Round "3"]
[White "Montreuil, Carl"]
[Black "Bourassa, Louis"]
[Result "1/2-1/2"]
[WhiteElo "1320"]
[BlackElo "1447"]
[PlyCount "111"]
[GameId "2160767909576206"]
[EventDate "2012.02.24"]
[EventType "swiss"]
[EventRounds "5"]
[EventCountry "CAN"]

1. d4 f5 2. c4 Nf6 3. Nc3 e6 4. Nf3 d5 5. e3 c6 6. a3 Bd6 7. h3 O-O 8. c5 Bc7 9. b4 b6 10. Be2 Qe8 11. Ne5 Bb7 12. O-O bxc5 13. f4 cxd4 14. exd4 Ba6 15. Bb2 Bxe2 16. Qxe2 Bb6 17. Rfd1 Nfd7 18. Nf3 Nf6 19. Ng5 Ne4 20. Qf3 Nd7 21. Ne2 e5 22. Nxe4 fxe4 23. Qg3 Qh5 24. Rd2 Rf6 25. Kh1 Rg6 26. Qh2 exd4 27. Ng3 Qh4 28. Nf5 Qd8 29. Bxd4 Bxd4 30. Rxd4 Qf6 31. g4 Re8 32. Qg3 Nb6 33. Rad1 Nc4 34. Nh4 Ne3 35. Nxg6 Nxd1 36. Rxd1 Qxg6 37. f5 Qf6 38. Kg2 Qb2+ 39. Kf1 e3 40. Re1 Qxa3 41. Re2 Qa1+ 42. Kg2 Qe5 43. Qf3 Qe4 44. Kg3 Qxf3+ 45. Kxf3 d4 46. g5 Rb8 47. Ra2 Rb7 48. f6 gxf6 49. gxf6 Kf7 50. Ke4 e2 51. Rxe2 Rxb4 52. Ra2 Rb7 53. Kxd4 Kxf6 54. Kc5 Rf7 55. Kxc6 Kg5 56. h4+ 1/2-1/2

[Event "Carnaval U1500"]
[Site "Quebec CAN"]
[Date "2012.02.26"]
[Round "4"]
[White "Bourassa, Louis"]
[Black "D'Almeida, Dominique"]
[Result "1/2-1/2"]
[WhiteElo "1447"]
[BlackElo "1451"]
[PlyCount "63"]
[GameId "2160767909576207"]
[EventDate "2012.02.24"]
[EventType "swiss"]
[EventRounds "5"]
[EventCountry "CAN"]

1. e4 c5 2. d4 cxd4 3. c3 e5 4. cxd4 exd4 5. Nf3 Bb4+ 6. Bd2 Bxd2+ 7. Nbxd2 Nc6 8. Bc4 d6 9. O-O Bg4 10. Qb3 Qe7 11. Rfe1 Nf6 12. e5 dxe5 13. Nxe5 Nxe5 14. Qb5+ Bd7 15. Qxe5 Qxe5 16. Rxe5+ Kf8 17. Nf3 Rc8 18. b3 g6 19. Nxd4 Kg7 20. Re7 Rhf8 21. Rae1 a6 22. a4 Rb8 23. h3 b5 24. axb5 axb5 25. Bd5 Rbe8 26. Bc6 Rxe7 27. Rxe7 Bxc6 28. Nxc6 Rc8 29. Nd4 Rb8 30. b4 Nd5 31. Re5 Nxb4 32. Rxb5 1/2-1/2

[Event "Carnaval U1500"]
[Site "Quebec CAN"]
[Date "2012.02.26"]
[Round "4"]
[White "Savaria, Georges-Patrick"]
[Black "Montreuil, Carl"]
[Result "0-1"]
[WhiteElo "1416"]
[BlackElo "1320"]
[PlyCount "70"]
[GameId "2160767909576208"]
[EventDate "2012.02.24"]
[EventType "swiss"]
[EventRounds "5"]
[EventCountry "CAN"]

1. e4 c5 2. Nf3 Nc6 3. Bb5 d6 4. Bxc6+ bxc6 5. c4 Bg4 6. d3 Rb8 7. b3 e5 8. Nbd2 a5 9. O-O Ne7 10. Qc2 Qc7 11. Bb2 Ng6 12. h3 Bxf3 13. Nxf3 Nf4 14. Kh2 Be7 15. g3 Ng6 16. Rae1 h5 17. Bc1 h4 18. g4 Nf4 19. Bxf4 exf4 20. Kg2 O-O 21. Nd2 f5 22. exf5 Bf6 23. f3 a4 24. Re6 d5 25. Rfe1 Qd7 26. bxa4 Rb2 27. Qd1 dxc4 28. Kh1 c3 29. Ne4 c2 30. Nxf6+ Rxf6 31. Re8+ Rf8 32. Rxf8+ Kxf8 33. Qc1 Rb1 34. Qd2 Rxe1+ 35. Qxe1 Qxd3 0-1

[Event "Carnaval U1500"]
[Site "Quebec CAN"]
[Date "2012.02.26"]
[Round "5"]
[White "Bourassa, Louis"]
[Black "Ouimet, Olivier"]
[Result "1-0"]
[WhiteElo "1447"]
[BlackElo "1410"]
[PlyCount "103"]
[GameId "2160767909576209"]
[EventDate "2012.02.24"]
[EventType "swiss"]
[EventRounds "5"]
[EventCountry "CAN"]

1. e4 a6 2. d4 b5 3. Nf3 Bb7 4. Bd3 Nf6 5. Nbd2 e6 6. O-O c5 7. c3 Qb6 8. Re1 d5 9. e5 Nfd7 10. Nf1 cxd4 11. cxd4 Nc6 12. Be3 a5 13. Rc1 Nb4 14. Bb1 Ba6 15. Re2 Nc6 16. Bd3 Nb4 17. Bb1 Be7 18. a3 Nc6 19. Bd3 b4 20. Bxa6 Qxa6 21. Rec2 Ndb8 22. axb4 Bxb4 23. Bd2 O-O 24. Bxb4 Nxb4 25. Rc7 N8c6 26. N1d2 Qb6 27. Rd7 Nd3 28. Rc2 Ncb4 29. Rcc7 Nxb2 30. Qe2 N2d3 31. Ng5 Rad8 32. Qh5 h6 33. Rxf7 Qxc7 34. Rxc7 Nf4 35. Qg4 Rde8 36. Nh3 Nxh3+ 37. gxh3 Rf7 38. Rxf7 Kxf7 39. Qf3+ Kg8 40. Qa3 Nc6 41. Nb3 Rc8 42. Qd6 Nxd4 43. Nxd4 Rc1+ 44. Kg2 Ra1 45. Qxe6+ Kh7 46. Qxd5 a4 47. Nc2 Rb1 48. Qe4+ Kh8 49. Qxa4 Rb8 50. e6 Kg8 51. Qd7 Rf8 52. e7 1-0

[Event "Carnaval U1500"]
[Site "Quebec CAN"]
[Date "2012.02.26"]
[Round "5"]
[White "Savaria, Georges-Patrick"]
[Black "Roy, Sylvain"]
[Result "1-0"]
[WhiteElo "1416"]
[BlackElo "1207"]
[PlyCount "83"]
[GameId "2160767909576210"]
[EventDate "2012.02.24"]
[EventType "swiss"]
[EventRounds "5"]
[EventCountry "CAN"]

1. e4 d6 2. f4 a6 3. Nf3 Nc6 4. d4 Bg4 5. Be2 Nf6 6. Nc3 Bxf3 7. Bxf3 Qd7 8. a3 e6 9. O-O h5 10. Re1 O-O-O 11. h3 d5 12. e5 Ng8 13. Be3 f6 14. b4 Nce7 15. Qd3 c6 16. Na4 Qc7 17. Nc5 Re8 18. Nxe6 Qb6 19. f5 Nh6 20. Bxh5 Nexf5 21. Bxe8 Nxe3 22. Rxe3 Qa7 23. Bg6 b5 24. Rf1 Qe7 25. exf6 gxf6 26. Rfe1 Qd6 27. Bf5 Kb7 28. Nc5+ Kb6 29. Re6 Qf4 30. Rf1 Qg5 31. Rf2 Qc1+ 32. Kh2 Rg8 33. c3 Qxa3 34. Nd7+ Kc7 35. Rxf6 Bd6+ 36. Rxd6 Nf7 37. Rf6 Qc1 38. Rxf7 Qe1 39. Nc5+ Kd8 40. Qe2 Qxe2 41. Rxe2 a5 42. Nb7# 1-0

[Event "Carnaval U1900"]
[Site "Quebec CAN"]
[Date "2012.02.24"]
[Round "1"]
[White "Leblanc-Legault, Mathieu"]
[Black "Grenier, Jean-Luc"]
[Result "1/2-1/2"]
[WhiteElo "1432"]
[BlackElo "1735"]
[PlyCount "109"]
[GameId "2160767909576211"]
[EventDate "2012.02.24"]
[EventType "swiss"]
[EventRounds "5"]
[EventCountry "CAN"]

1. d4 Nf6 2. Nf3 d6 3. h3 c5 4. c3 Nc6 5. Qc2 Bd7 6. Bf4 Rc8 7. dxc5 dxc5 8. e4 g6 9. Na3 Bg7 10. Rd1 O-O 11. Nc4 e5 12. Be3 b6 13. Be2 Qe7 14. O-O Be6 15. b3 Qc7 16. Nb2 Nh5 17. Ng5 Nf4 18. Nxe6 Nxe6 19. Bc4 Nf4 20. Nd3 Kh8 21. Bc1 Rcd8 22. Nxf4 exf4 23. Rxd8 Rxd8 24. Bd5 Ne5 25. c4 f3 26. g3 Qe7 27. Qd2 h5 28. Qf4 Qd7 29. Kh2 Kh7 30. Rd1 Qe7 31. Bb2 g5 32. Qf5+ Kg8 33. Bxe5 Bxe5 34. Qxf3 h4 35. Rf1 Kg7 36. Kh1 Rh8 37. Qg4 Qf6 38. f4 hxg3 39. Qxg5+ Qxg5 40. fxg5 Rxh3+ 41. Kg1 Rh2 42. Rxf7+ Kg6 43. Kf1 Bd4 44. e5 Bxe5 45. Rf8 Kxg5 46. Be4 Bd4 47. Bg2 Rh6 48. Rg8+ Rg6 49. Rxg6+ Kxg6 50. Ke2 Kf5 51. Kf3 Bf2 52. Ke2 Ke5 53. Kd3 Kf4 54. Ke2 Bd4 55. a3 1/2-1/2

[Event "Carnaval U1900"]
[Site "Quebec CAN"]
[Date "2012.02.25"]
[Round "3"]
[White "Sarra-Bournet, Marc"]
[Black "Grenier, Jean-Luc"]
[Result "1-0"]
[WhiteElo "1869"]
[BlackElo "1735"]
[PlyCount "61"]
[GameId "2160767909576212"]
[EventDate "2012.02.24"]
[EventType "swiss"]
[EventRounds "5"]
[EventCountry "CAN"]

1. e4 c5 2. Nc3 Nc6 3. f4 d6 4. Nf3 Bg4 5. Bc4 e6 6. d3 a6 7. h3 Bxf3 8. Qxf3 Nd4 9. Qf2 Ne7 10. Be3 Nec6 11. O-O Be7 12. f5 exf5 13. Nd5 b5 14. Nxe7 Nxe7 15. Bd5 Nxd5 16. exd5 b4 17. Bxd4 cxd4 18. Qxd4 O-O 19. Qxb4 Rb8 20. Qd4 Qg5 21. b3 Rfe8 22. Qf2 Qe3 23. Qxe3 Rxe3 24. Rxf5 Rbe8 25. Raf1 f6 26. R5f4 Re2 27. R1f2 Re1+ 28. Kh2 R8e5 29. Ra4 R1e2 30. Rxe2 Rxe2 31. c4 1-0

[Event "Carnaval U1900"]
[Site "Quebec CAN"]
[Date "2012.02.26"]
[Round "4"]
[White "Grenier, Jean-Luc"]
[Black "Nantel, Felix"]
[Result "1-0"]
[WhiteElo "1735"]
[BlackElo "1542"]
[PlyCount "43"]
[GameId "2160767909576213"]
[EventDate "2012.02.24"]
[EventType "swiss"]
[EventRounds "5"]
[EventCountry "CAN"]

1. e4 e6 2. d4 d5 3. e5 c5 4. Nf3 Nc6 5. c3 Qb6 6. Bd3 Bd7 7. O-O f6 8. Re1 cxd4 9. cxd4 Nxd4 10. Nxd4 Qxd4 11. Nc3 Qb6 12. Qh5+ Kd8 13. Qf7 Kc7 14. Nxd5+ exd5 15. e6 Rd8 16. Be3 d4 17. Bf4+ Bd6 18. Rac1+ Kb8 19. exd7 Nh6 20. Bxh6 gxh6 21. Re8 Qxb2 22. Rc8+ 1-0

[Event "Carnaval U1900"]
[Site "Quebec CAN"]
[Date "2012.02.26"]
[Round "5"]
[White "Fiouzi, Chahin"]
[Black "Grenier, Jean-Luc"]
[Result "0-1"]
[WhiteElo "1455"]
[BlackElo "1735"]
[PlyCount "60"]
[GameId "2160767909576214"]
[EventDate "2012.02.24"]
[EventType "swiss"]
[EventRounds "5"]
[EventCountry "CAN"]

1. e4 c5 2. Nf3 d6 3. Nc3 Nf6 4. Bb5+ Bd7 5. Qe2 a6 6. Bc4 b5 7. Bd5 Ra7 8. a3 e6 9. Ba2 Be7 10. d3 O-O 11. O-O Nc6 12. h3 Qb6 13. Nd1 Nd4 14. Nxd4 cxd4 15. f4 Qc5 16. c3 Rc7 17. b4 Qb6 18. cxd4 Qxd4+ 19. Be3 Qxa1 20. Qf2 Rfc8 21. Bd4 Qc1 22. Ne3 Qxa3 23. e5 Nd5 24. Bxd5 exd5 25. Nxd5 Bf8 26. exd6 Bxd6 27. Qg3 Bf8 28. Nf6+ Kh8 29. Qh4 Qxd3 30. Rf3 Qxd4+ 0-1

[Event "Carnaval U1900"]
[Site "Quebec CAN"]
[Date "2012.02.26"]
[Round "5"]
[White "Leblanc-Legault, Mathieu"]
[Black "Earle, Timothy"]
[Result "1-0"]
[WhiteElo "1432"]
[BlackElo "1556"]
[PlyCount "99"]
[GameId "2160767909576215"]
[EventDate "2012.02.24"]
[EventType "swiss"]
[EventRounds "5"]
[EventCountry "CAN"]

1. d4 Nf6 2. Nf3 e6 3. Bg5 b6 4. g3 Bb7 5. Bg2 c5 6. c3 c4 7. Qa4 Bd5 8. Nbd2 a6 9. Bxf6 Qxf6 10. e4 b5 11. Qc2 Bb7 12. O-O g6 13. b3 cxb3 14. axb3 Bh6 15. e5 Qe7 16. Ne4 Bxe4 17. Qxe4 Ra7 18. Rfb1 d6 19. c4 bxc4 20. bxc4 O-O 21. Rb6 Rd8 22. Rab1 d5 23. cxd5 exd5 24. Qh4 Qxh4 25. Nxh4 Nd7 26. R6b4 Bd2 27. R4b3 Nf8 28. Ra1 Ne6 29. Nf3 Bh6 30. Bf1 a5 31. Rba3 Rda8 32. Bb5 Bf8 33. Ra4 Bb4 34. Bc6 Rd8 35. Rxb4 axb4 36. Rxa7 Rb8 37. Rb7 Rxb7 38. Bxb7 b3 39. Bxd5 b2 40. Ba2 Kg7 41. Kf1 f6 42. Ke2 fxe5 43. dxe5 Nc5 44. Nd2 g5 45. Bb1 Kf7 46. Nc4 Ke6 47. f4 gxf4 48. gxf4 Na4 49. Kd2 Kd5 50. Ne3+ 1-0

[Event "Charlesbourg Alekhine"]
[Site "Charlesbourg CAN"]
[Date "2012.09.03"]
[Round "1"]
[White "Beauchesne, Jonathan"]
[Black "Plante, Rejean"]
[Result "0-1"]
[WhiteElo "1600"]
[BlackElo "1987"]
[PlyCount "68"]
[GameId "2160767909445389"]
[EventDate "2012.09.03"]
[EventType "swiss"]
[EventRounds "5"]
[EventCountry "CAN"]
[SourceTitle "EXT 2022"]
[Source "ChessBase"]
[SourceDate "2021.10.06"]
[SourceVersion "1"]
[SourceVersionDate "2021.10.06"]
[SourceQuality "1"]

1. e4 c5 2. c3 e6 3. d4 d5 4. exd5 exd5 5. h3 Nf6 6. Nf3 h6 7. Bb5+ Nc6 8. O-O Be6 9. Qe2 Qb6 10. Nbd2 c4 11. Ba4 Bd6 12. Ne5 O-O 13. Nxc6 bxc6 14. Nf3 Bf5 15. Bc2 Rfe8 16. Qd1 Ne4 17. Nh4 Bd7 18. Qh5 Qc7 19. Bxe4 Rxe4 20. Nf5 Bh2+ 21. Kh1 Bf4 22. Bxf4 Qxf4 23. Ng3 g6 24. Qd1 Re7 25. Kg1 h5 26. Re1 Rae8 27. Rxe7 Rxe7 28. Nf1 Qg5 29. Qf3 h4 30. Ne3 Re4 31. Nxc4 Rf4 32. Qe3 dxc4 33. g3 hxg3 34. fxg3 Rf1+ 0-1

[Event "Charlesbourg Alekhine"]
[Site "Charlesbourg CAN"]
[Date "2012.09.03"]
[Round "1"]
[White "Lessard, Claude"]
[Black "Dorion, Francois"]
[Result "1-0"]
[WhiteElo "2068"]
[BlackElo "1664"]
[PlyCount "37"]
[GameId "2160767909445391"]
[EventDate "2012.09.03"]
[EventType "swiss"]
[EventRounds "5"]
[EventCountry "CAN"]
[SourceTitle "EXT 2022"]
[Source "ChessBase"]
[SourceDate "2021.10.06"]
[SourceVersion "1"]
[SourceVersionDate "2021.10.06"]
[SourceQuality "1"]

1. d4 Nf6 2. Nf3 e6 3. g3 c5 4. Bg2 Nc6 5. O-O cxd4 6. Nxd4 d5 7. c4 Nxd4 8. Qxd4 dxc4 9. Qxd8+ Kxd8 10. Rd1+ Kc7 11. Bf4+ Kb6 12. Nd2 Bd7 13. Nxc4+ Ka6 14. Nd6 Bxd6 15. Rxd6+ Kb5 16. Bxb7 Rab8 17. Ba6+ Kc5 18. Rc1+ Kb4 19. Rc4+ 1-0

[Event "Charlesbourg Alekhine"]
[Site "Charlesbourg CAN"]
[Date "2012.09.10"]
[Round "2"]
[White "Beaudoin, Stephane"]
[Black "Arteau, Benoit"]
[Result "1/2-1/2"]
[WhiteElo "2072"]
[BlackElo "1817"]
[PlyCount "38"]
[GameId "2160767909445392"]
[EventDate "2012.09.03"]
[EventType "swiss"]
[EventRounds "5"]
[EventCountry "CAN"]
[SourceTitle "EXT 2022"]
[Source "ChessBase"]
[SourceDate "2021.10.06"]
[SourceVersion "1"]
[SourceVersionDate "2021.10.06"]
[SourceQuality "1"]

1. e4 b6 2. d4 Bb7 3. Bd3 e6 4. Nf3 c5 5. c3 Nf6 6. Qe2 Be7 7. O-O Nc6 8. a3 Na5 9. Nbd2 c4 10. Bc2 Qc7 11. e5 Nd5 12. Ne4 Nb3 13. Rb1 Nxc1 14. Rbxc1 f5 15. Ng3 O-O 16. Qd2 Qc6 17. h4 b5 18. Nh5 a5 19. Nf4 Rfc8 1/2-1/2

[Event "Charlesbourg Alekhine"]
[Site "Charlesbourg CAN"]
[Date "2012.09.10"]
[Round "2"]
[White "Garneau, Benoit"]
[Black "Lessard, Claude"]
[Result "1-0"]
[WhiteElo "1799"]
[BlackElo "2068"]
[PlyCount "38"]
[GameId "2160767909445393"]
[EventDate "2012.09.03"]
[EventType "swiss"]
[EventRounds "5"]
[EventCountry "CAN"]
[SourceTitle "EXT 2022"]
[Source "ChessBase"]
[SourceDate "2021.10.06"]
[SourceVersion "1"]
[SourceVersionDate "2021.10.06"]
[SourceQuality "1"]

1. Nf3 d5 2. g3 Nf6 3. Bg2 Nbd7 4. d4 e6 5. O-O c5 6. c3 Bd6 7. Nbd2 b6 8. e4 Nxe4 9. Nxe4 dxe4 10. Ng5 Nf6 11. dxc5 bxc5 12. Nxe4 Nxe4 13. Bxe4 Rb8 14. Bc6+ Kf8 15. Bf4 Ke7 16. Qg4 Bxf4 17. Qxf4 Qd6 18. Qg5+ Kf8 19. Rad1 f6 1-0

[Event "Charlesbourg Alekhine"]
[Site "Charlesbourg CAN"]
[Date "2012.09.17"]
[Round "3"]
[White "Garneau, Benoit"]
[Black "Plante, Rejean"]
[Result "1/2-1/2"]
[WhiteElo "1799"]
[BlackElo "1984"]
[PlyCount "32"]
[GameId "2160767909445394"]
[EventDate "2012.09.03"]
[EventType "swiss"]
[EventRounds "5"]
[EventCountry "CAN"]
[SourceTitle "EXT 2022"]
[Source "ChessBase"]
[SourceDate "2021.10.06"]
[SourceVersion "1"]
[SourceVersionDate "2021.10.06"]
[SourceQuality "1"]

1. e4 d5 2. exd5 Qxd5 3. Nc3 Qd6 4. Bc4 Nf6 5. d4 a6 6. Bb3 Bg4 7. f3 Bh5 8. Nge2 e6 9. Bf4 Qd7 10. d5 exd5 11. Nxd5 Nxd5 12. Bxd5 c6 13. Be4 Bg6 14. Ng3 Bc5 15. Bxb8 Qxd1+ 16. Rxd1 Rxb8 1/2-1/2

[Event "Charlesbourg Alekhine"]
[Site "Charlesbourg CAN"]
[Date "2012.09.17"]
[Round "3"]
[White "Lessard, Claude"]
[Black "Beauchesne, Jonathan"]
[Result "1-0"]
[WhiteElo "2068"]
[BlackElo "1600"]
[PlyCount "59"]
[GameId "2160767909445395"]
[EventDate "2012.09.03"]
[EventType "swiss"]
[EventRounds "5"]
[EventCountry "CAN"]
[SourceTitle "EXT 2022"]
[Source "ChessBase"]
[SourceDate "2021.10.06"]
[SourceVersion "1"]
[SourceVersionDate "2021.10.06"]
[SourceQuality "1"]

1. d4 Nf6 2. Nf3 g6 3. g3 Bg7 4. Bg2 O-O 5. O-O d6 6. Nbd2 Nc6 7. d5 Nxd5 8. a4 Nf6 9. Rb1 e5 10. b4 Re8 11. a5 a6 12. c4 Bf5 13. Rb3 Qd7 14. Re1 Bh3 15. Bh1 g5 16. Bb2 Qf5 17. e4 Qg4 18. Bg2 Rab8 19. Qc2 Re7 20. Nf1 Bxg2 21. Kxg2 Rbe8 22. Ne3 Qc8 23. Nf5 Re6 24. Qd2 Nd4 25. N3xd4 exd4 26. Nxg7 Kxg7 27. Qxg5+ Kf8 28. Rf3 Qd8 29. Bxd4 c5 30. bxc5 1-0

[Event "Charlesbourg Alekhine"]
[Site "Charlesbourg CAN"]
[Date "2012.09.17"]
[Round "3"]
[White "Tremblay-Alix, Eric"]
[Black "Beaudoin, Stephane"]
[Result "1/2-1/2"]
[WhiteElo "1475"]
[BlackElo "2072"]
[PlyCount "89"]
[GameId "2160767909445396"]
[EventDate "2012.09.03"]
[EventType "swiss"]
[EventRounds "5"]
[EventCountry "CAN"]
[SourceTitle "EXT 2022"]
[Source "ChessBase"]
[SourceDate "2021.10.06"]
[SourceVersion "1"]
[SourceVersionDate "2021.10.06"]
[SourceQuality "1"]

1. f4 e5 2. fxe5 d6 3. exd6 Bxd6 4. Nf3 Nf6 5. e3 O-O 6. Bc4 Nc6 7. Nc3 Bg4 8. d4 a6 9. a3 Qd7 10. O-O Rae8 11. b4 Qf5 12. Bd3 Qh5 13. h3 Re7 14. Qd2 Rfe8 15. Qf2 Bxf3 16. Qxf3 Qh4 17. Bd2 Kh8 18. Rae1 Nxd4 19. exd4 Rxe1 20. Bxe1 Rxe1 21. Ne2 c6 22. Qf5 g6 23. Qf2 Rxf1+ 24. Kxf1 Qxf2+ 25. Kxf2 Kg7 26. c4 h5 27. c5 Bc7 28. a4 Nd5 29. b5 axb5 30. axb5 f5 31. bxc6 bxc6 32. Kf3 Kf6 33. Bc4 Ne7 34. h4 g5 35. hxg5+ Kxg5 36. Nc3 Ng6 37. Be6 Kf6 38. Bd7 Ne7 39. g3 Kg5 40. Na4 Ba5 41. Nb6 Bc3 42. Ke3 Be1 43. Kf3 Bc3 44. Ke3 Be1 45. Kf3 1/2-1/2